दुलहिन का घूंघट तथा अन्य इस्रायली कहानिया / (Record no. 116823)
[ view plain ]
| 000 -LEADER | |
|---|---|
| fixed length control field | 01105nam a22002537a 4500 |
| 005 - DATE AND TIME OF LATEST TRANSACTION | |
| control field | 20170124103045.0 |
| 010 ## - LIBRARY OF CONGRESS CONTROL NUMBER | |
| LC control number | A-670291 |
| 020 ## - INTERNATIONAL STANDARD BOOK NUMBER | |
| Terms of availability | 125.00 |
| 035 ## - SYSTEM CONTROL NUMBER | |
| System control number | A-670291 |
| 037 ## - SOURCE OF ACQUISITION | |
| Source of stock number/acquisition | Cen Lib/Ret |
| 040 ## - CATALOGING SOURCE | |
| Original cataloging agency | DPL |
| Language of cataloging | HN |
| 082 ## - DEWEY DECIMAL CLASSIFICATION NUMBER | |
| Classification number | क |
| Item number | दुलहिन |
| 245 ## - TITLE STATEMENT | |
| Title | दुलहिन का घूंघट तथा अन्य इस्रायली कहानिया / |
| Statement of responsibility, etc | अनुवादक अशोक कौशिक |
| 246 ## - VARYING FORM OF TITLE | |
| Title proper/short title | Dulhin ka ghoonghat tatha anya isreali kahaniyan / |
| Remainder of title | anuvadak Ashok Kaushik |
| 260 ## - PUBLICATION, DISTRIBUTION, ETC. (IMPRINT) | |
| Place of publication, distribution, etc | नयी दिल्ली |
| Name of publisher, distributor, etc | स्टार पब्लिकेशंज़ |
| Date of publication, distribution, etc | 1994 |
| 270 ## - ADDRESS | |
| Address | 4/5, असफ अली रोड |
| City | नयी दिल्ली |
| Postal code | 110002 |
| 300 ## - PHYSICAL DESCRIPTION | |
| Extent | 160पृ. |
| Dimensions | 21सेमी (सजिल्द) |
| 650 ## - SUBJECT ADDED ENTRY--TOPICAL TERM | |
| Topical term or geographic name as entry element | इस्रायली साहित्य |
| 9 (RLIN) | 69049 |
| 650 ## - SUBJECT ADDED ENTRY--TOPICAL TERM | |
| Topical term or geographic name as entry element | कहानी संग्रह |
| 9 (RLIN) | 69050 |
| 650 ## - SUBJECT ADDED ENTRY--TOPICAL TERM | |
| Topical term or geographic name as entry element | Isreali literature |
| 9 (RLIN) | 68477 |
| 650 ## - SUBJECT ADDED ENTRY--TOPICAL TERM | |
| Topical term or geographic name as entry element | Story collection |
| 9 (RLIN) | 69051 |
| 700 ## - ADDED ENTRY--PERSONAL NAME | |
| Personal name | कौशिक, अशोक |
| 9 (RLIN) | 69052 |
| 942 ## - ADDED ENTRY ELEMENTS (KOHA) | |
| Source of classification or shelving scheme | Dewey Decimal Classification |
| Koha item type | Hindi Books |
| Classification part | क |
| Call number suffix | दुलहिन |
| Withdrawn status | Lost status | Damaged status | Not for loan | Home library | Current library | Date acquired | Source of acquisition | Cost, normal purchase price | Total Checkouts | Full call number | Barcode | Date last seen | Copy number | Cost, replacement price | Price effective from | Koha item type | Public note |
|---|---|---|---|---|---|---|---|---|---|---|---|---|---|---|---|---|---|
| Written off | Central Library | Central Library | 25/08/2015 | Cen Lib/Ret | 125.00 | उ दुलहिन | A-670291 | 25/08/2015 | 1 | 125.00 | 25/08/2015 | Hindi Books | Written off on approval by DLB (By Circulation); dtd 15-06-2023 |
